000 00708nam a2200217 a 4500
005 20140310183511.0
008 101012s19uu xx 00 eng d
020 _a9781412978026
050 _aLC 3275
_b.R49 2010
100 _aReyes, Sharon Adelman
245 _aTeaching in 2 languages :
_ba guide for K-12 bilingual educators /
_cSharon Adelman Reyes
260 _aUSA :
_bCorwin,
_c2010.
300 _a173 p. :
_bill. ;
_c26 cm.
521 _aEDU
650 _aEducational -bilingual-Study and teaching(elementary)
650 _aEducational-Bilingual-Study and teaching ( secondary)
700 _aKleyn, Tatyana
700 _aforeword by Ofelia Garcia
942 _cBK
_2lcc
_kFOR
999 _c24169
_d24169